| 000 | 01693nam a2200517 i 4500 | ||
|---|---|---|---|
| 001 | 25139 | ||
| 003 | KOSZ 005 | ||
| 005 | 20220927093222.0 | ||
| 008 | 980708s1994 pl f |000 0 pol | ||
| 015 | _aUWD 1996/626 | ||
| 020 | _a8390210509 | ||
| 035 | _a991004494789705066 | ||
| 035 | _a(PL-WaBN)b1118601x-48omnis_nlop | ||
| 035 | _ab1118601x | ||
| 035 | _a(OCoLC)749142896 | ||
| 035 | _a(PL)b0000001118601 | ||
| 035 | _a(EXLNZ-48OMNIS_NETWORK)9910451683505606 | ||
| 040 |
_aWA N _cWA N _dKOSZ 005/EG |
||
| 080 | _a658.1/.5 | ||
| 080 | _a66/69 | ||
| 080 | _a(438) | ||
| 080 | _a"1989/..." | ||
| 080 | _a(07) | ||
| 100 | 1 |
_aPełka, Bogusław _d(1928-2003) _eAutor |
|
| 245 | 1 | 0 |
_aRestrukturyzacja przedsiębiorstwa przemysłowego. _nCz. 2, _pSzczegółowe procedury restrukturyzacji / _cBogusław Pełka ; [Instytut Organizacji i Zarządzania w Przemyśle "Orgmasz"]. |
| 260 |
_aWarszawa : _b"Orgmasz", _c1994. |
||
| 300 |
_a84 s. ; _c21 cm. |
||
| 336 |
_aTekst _btxt _2rdacontent |
||
| 337 |
_aBez urządzenia pośredniczącego _bn _2rdamedia |
||
| 338 |
_aWolumin _bnc _2rdacarrier |
||
| 380 | _aKsiążki | ||
| 388 | _a1901-2000 | ||
| 388 | _a1989-2000 | ||
| 490 | 1 |
_aZarządzanie Firmą ; _v26 |
|
| 504 | _aBibliogr. s. 76-80. | ||
| 650 | 7 |
_aPrzedsiębiorstwo _2DBN |
|
| 650 | 7 | _aOrganizacja | |
| 650 | 7 | _aReforma | |
| 651 | _aPolska | ||
| 655 | 7 |
_aPodręcznik _2DBN |
|
| 658 | _aGospodarka, ekonomia, finanse | ||
| 830 | 0 |
_aZarządzanie Firmą ; _v26 |
|
| 856 |
_uhttp://koha.tu.koszalin.pl/cgi-bin/koha/opac-detail.pl?biblionumber=25139 _yKatalog online BPK |
||
| 942 |
_2UKD _cKS |
||
| 999 |
_c25139 _d25139 |
||